Essais d'iconologie
-д хадгалсан:
| Үндсэн зохиолч: | |
|---|---|
| Формат: | Ном |
| Хэл сонгох: | франц |
| Хэвлэсэн: |
París
Gallimard
1967
|
| Цуврал: | Bibliothèque des Sciences Humaines
|
| Нөхцлүүд: | |
| Шошгууд: |
Шошго нэмэх
Шошго байхгүй, Энэхүү баримтыг шошголох эхний хүн болох!
|
MARC
| LEADER | 00000nam a2200000 a 4500 | ||
|---|---|---|---|
| 001 | UCO4531 | ||
| 003 | CL-VaPUC | ||
| 008 | 000804e19670000FR |||||||||||||||||fre|d | ||
| 082 | 0 | 4 | |a 704.9 |b PAN |2 21 |
| 100 | |a Panofsky, Erwin |e auteur |9 449075 | ||
| 245 | 1 | 0 | |a Essais d'iconologie |
| 300 | |a 394 p | ||
| 942 | |c BK | ||
| 945 | |d 20000804 00:00:00 |a crobeson | ||
| 260 | |a París |b Gallimard |c 1967 | ||
| 650 | 7 | |a ICONOLOGIA |2 CL-VaPUC |9 265399 | |
| 650 | 0 | |a Arte renacentista |9 264949 | |
| 650 | 0 | |a Humanismo |9 256530 | |
| 583 | |a last modification |c 20000804 00:00:00 |k Rodrigo Vera | ||
| 490 | 0 | |a Bibliothèque des Sciences Humaines | |
| 999 | |c 290562 |d 290560 | ||
| 952 | |0 0 |1 0 |4 0 |6 704_900000000000000_PAN_1967 |7 0 |8 A |9 340070 |a BIBART |b BIBART |d 2019-11-20 |i 1213865 |l 1 |o 704.9 PAN 1967 |p 1213865 |r 2025-03-13 |s 2024-04-22 |w 2019-11-20 |y BK |k ART | ||
| 952 | |0 0 |1 0 |4 0 |6 704_900000000000000_PAN_1967 |7 0 |8 A |9 340071 |a BIBART |b BIBART |d 2019-11-20 |i 1213873 |o 704.9 PAN 1967 |p 1213873 |r 2025-03-13 |w 2019-11-20 |y BK |k ART | ||